Nguồn lực con người trong quá trình công nghiệp hóa, hiện đại hóa ở Việt Nam

Enregistré dans:
Détails bibliographiques
Auteur principal: Đoàn, Văn Khái
Format: Livre
Langue:Undetermined
Publié: Hà Nội Lý luận chính trị 2005
Sujets:
Tags: Ajouter un tag
Pas de tags, Soyez le premier à ajouter un tag!
Thư viện lưu trữ: Trung tâm Học liệu Trường Đại học Cần Thơ
LEADER 00614nam a2200193Ia 4500
001 CTU_103585
008 210402s9999 xx 000 0 und d
082 |a 331.1597 
082 |b Kh103 
100 |a Đoàn, Văn Khái 
245 0 |a Nguồn lực con người trong quá trình công nghiệp hóa, hiện đại hóa ở Việt Nam 
245 0 |c Đoàn Văn Khái 
260 |a Hà Nội 
260 |b Lý luận chính trị 
260 |c 2005 
650 |a Labor force 
650 |z Vietnam 
904 |i Hiếu 
980 |a Trung tâm Học liệu Trường Đại học Cần Thơ